| Tag |
First Indicator |
Second Indicator |
Subfields |
| LEADER |
00000cam a2200000Ia 4500 |
| 001 |
in00002561908 |
| 005 |
20151201154208.0 |
| 007 |
hd bfv---baap |
| 007 |
he amv---bacp |
| 008 |
980108s1938 stka b 000 1 eng d |
| 035 |
|
|
|a (OCoLC)ocm38171448
|
| 037 |
|
|
|a CL0021000021
|b ProQuest Information and Learning, 300 N. Zeeb Rd., Ann Arbor, MI 48106-1346
|
| 040 |
|
|
|a OPP
|c OPP
|d UtOrBLW
|
| 049 |
|
|
|a OPPA
|
| 090 |
|
|
|a PZ5
|b .O67 1990 no.021:325.
|
| 100 |
1 |
|
|a Derwent, Lavinia.
|
| 245 |
1 |
0 |
|a Pug, the pig /
|c by Lavinia Derwent ; illustrated by Marjorie Anderson.
|
| 250 |
|
|
|a 1st ed.
|
| 264 |
|
1 |
|a Glasgow :
|b Collins Clear-Type Press,
|c 1938.
|
| 300 |
|
|
|a 10 pages :
|b illustrations
|
| 336 |
|
|
|a text
|b txt
|2 rdacontent
|
| 337 |
|
|
|a microform
|b h
|2 rdamedia
|
| 338 |
|
|
|a microfiche
|b he
|2 rdacarrier
|
| 490 |
1 |
|
|a Little country books ;
|v no. 2
|
| 500 |
|
|
|a Cover title.
|
| 510 |
4 |
|
|a Opie
|c M 804
|
| 533 |
|
|
|a Microfiche.
|b Ann Arbor, Mich.
|c UMI,
|d 1996.
|e 1 microfiche.
|f (Opie collection of children's literature ; 021:325).
|7 s1996 miun b
|
| 500 |
|
|
|a Microform.
|
| 650 |
|
0 |
|a Children's stories.
|
| 700 |
1 |
|
|a Anderson, Marjorie.
|
| 830 |
|
0 |
|a Opie collection of children's literature ;
|v 021:325.
|
| 830 |
|
0 |
|a Little country books ;
|v no. 2.
|
| 999 |
|
|
|a MARS
|
| 999 |
f |
f |
|s face8746-fde5-33ba-b7d3-144cf6a0fecd
|i 14d9a4fa-4a92-30a7-b41f-b5a4ef840d21
|t 0
|
| 952 |
f |
f |
|a Texas A&M University
|b College Station
|c Sterling C. Evans Library
|d Evans: Microforms Fiche (3rd floor)
|t 0
|e PZ5 .O67 1990 no.021:325.
|h Library of Congress classification
|
| 998 |
f |
f |
|a PZ5 .O67 1990 no.021:325.
|t 0
|l Evans: Microforms Fiche (3rd floor)
|